000 00881nam a2200265Ia 4500
003 OSt
005 20220923211138.0
006 a|||||r|||| 00| 0
007 ta
008 220922b |||||||| |||| 00| 0 hin d
020 _a8185999619 (hbk)
_c450
024 _a235,203
037 _b418, 28/02/2008, University Book House
_cTextual
040 _aARTS
_cARTS
_bhin
041 _2hin
_ahin
082 _aO152,3NMA,MP, P7
100 _aमौर्य, अभय
_9158724
245 0 _aमुक्ति पथ
246 _aMukti patha
260 _aदिल्ली
_b स्वराज प्रकाशन
_c2007
300 _a256पृ.
_ccm.
650 _aहिन्दी साहित्य
_9156264
942 _hO152,3NMA,MP, P7
_cTEXL
_2CC
999 _c295920
_d295920